|
|
|
|
| LEADER |
02090nam a2200349 a 4500 |
| 001 |
11921052 |
| 008 |
100928m20092001enka b 001 0 eng d |
| 010 |
|
|
|a 00026973
|
| 020 |
|
|
|a 9788131711347
|
| 020 |
|
|
|a 0201403757
|
| 040 |
|
|
|a DLC
|c DLC
|d DLC
|d DB-DhAAL
|
| 082 |
0 |
0 |
|a 006.3/0285/5133
|2 21
|
| 100 |
1 |
|
|a Bratko, Ivan,
|d 1914-
|
| 245 |
1 |
0 |
|a Prolog programming for artificial intelligence /
|c Ivan Bratko.
|
| 250 |
|
|
|a 3rd ed.
|
| 260 |
|
|
|a Harlow, England ;
|a New York :
|b Pearson/Addison Wesley,
|c 2001.[Impression 2009]
|
| 300 |
|
|
|a xxi, 678 p. :
|b ill. ;
|c 24 cm.
|
| 490 |
0 |
|
|a International computer science series
|
| 504 |
|
|
|a Includes bibliographical references and index.
|
| 541 |
1 |
|
|e 00021090
|
| 650 |
|
0 |
|a Artificial intelligence
|x Data processing.
|
| 650 |
|
0 |
|a Prolog (Computer program language)
|
| 852 |
4 |
|
|a Ayesha Abed Library
|j General Shelf.
|
| 942 |
0 |
0 |
|0 1
|
| 999 |
|
|
|c 9567
|d 9567
|
| 952 |
|
|
|0 0
|1 0
|2 ddc
|4 0
|6 006_302855133000000_BRA_2009
|7 0
|9 13493
|a BRACUL
|b BRACUL
|c GEN
|d 2010-12-06
|l 1
|m 3
|o 006.302855133 BRA
|p 3010021090
|r 2013-07-26
|s 2013-07-08
|t 1
|w 2010-12-06
|y BK
|
| 952 |
|
|
|0 0
|1 0
|2 ddc
|4 0
|6 006_302855133000000_BRA
|7 0
|9 13494
|a BRACUL
|b BRACUL
|c GEN
|d 2010-12-06
|l 0
|o 006.302855133 BRA
|p 3010009475
|r 2010-12-06
|t 2
|w 2010-12-06
|y BK
|
| 952 |
|
|
|0 0
|1 0
|2 ddc
|4 0
|6 006_302855133000000_BRA_2009
|7 0
|9 13580
|a BRACUL
|b BRACUL
|c GEN
|d 2010-12-12
|l 0
|o 006.302855133 BRA
|p 3010009477
|r 2010-12-12
|t 3
|w 2010-12-12
|y BK
|
| 952 |
|
|
|0 0
|1 0
|2 ddc
|4 0
|6 006_302855133000000_BRA_2009
|7 0
|9 13581
|a BRACUL
|b BRACUL
|c GEN
|d 2010-12-12
|l 0
|o 006.302855133 BRA
|p 3010009474
|r 2010-12-12
|t 4
|w 2010-12-12
|y BK
|
| 952 |
|
|
|0 0
|1 0
|2 ddc
|4 0
|6 006_302855133000000_BRA_2009
|7 0
|9 13582
|a BRACUL
|b BRACUL
|c GEN
|d 2010-12-12
|l 3
|m 18
|o 006.302855133 BRA
|p 3010009476
|r 2018-09-11
|s 2015-09-20
|t 5
|w 2010-12-12
|y BK
|
| 952 |
|
|
|0 0
|1 0
|2 ddc
|4 0
|6 006_302855133000000_BRA_2009
|7 0
|9 13583
|a BRACUL
|b BRACUL
|c GEN
|d 2010-12-12
|l 0
|o 006.302855133 BRA
|p 3010009478
|r 2010-12-12
|t 6
|w 2010-12-12
|y BK
|
| 952 |
|
|
|0 0
|1 0
|2 ddc
|4 0
|6 006_302855133000000_BRA
|7 0
|9 14269
|a BRACUL
|b BRACUL
|c GEN
|d 2011-01-29
|g 506.00
|l 0
|o 006.302855133 BRA
|p 3010013111
|r 2011-01-29
|t 7
|w 2011-01-29
|y BK
|